000 00382cam a2200169ua 4500
020 _cRs. 1.25
041 _amal
_h
082 _a612
_bBHA/MA
100 _aBhaskarapaniker, M A .
245 _aMannushyan enna yanthram
260 _aThrissur :
_bCurrent Books ,
_c1690.
300 _a78 ; .
365 _aRs. 1.25
504 _a
942 _cBK
999 _c441
_d441